[Event "62.HEM 2008, Gruppe D"]
[Site "Hanau"]
[Date "2008.03.21"]
[Round "2.1"]
[White "Medvedovski, Michael"]
[Black "Libuda, Thomas"]
[Result "0-1"]
[WhiteElo "1648"]
[BlackElo "1984"]
[PlyCount "98"]
[EventDate "2008.??.??"]

1. e4 g6 2. d4 Bg7 3. Nc3 d6 4. Be3 Nc6 5. Qd2 e5 6. Nge2 f5 7. f3 Nf6 8. g3
fxe4 9. fxe4 O-O 10. d5 Ne7 11. h3 c6 12. Bg2 cxd5 13. Nxd5 Nfxd5 14. exd5 Nf5
15. Bg5 Qb6 16. Qc3 Bd7 17. O-O-O Rac8 18. Qb3 Qa6 19. Bf1 Ba4 20. Nc3 Bxb3 21.
Bxa6 Bxc2 22. Bxb7 Bxd1 23. Bxc8 Rxc8 24. Kxd1 Nxg3 25. Rg1 Nf5 26. Rg2 Rc5 27.
Kd2 Kf7 28. b4 Rc4 29. Rg4 Rxg4 30. hxg4 Nh6 31. Ne4 Bf8 32. Nf2 Ke8 33. b5 Ng8
34. Be3 Nf6 35. Kd3 Nxd5 36. Bxa7 Kd7 37. a4 Kc7 38. Kc4 Ne7 39. Nd1 d5+ 40.
Kd3 h5 41. gxh5 gxh5 42. Bc5 e4+ 43. Kc3 Bg7+ 44. Kd2 Nf5 45. Ne3 Bh6 46. Ke2
Bxe3 47. Bxe3 Nxe3 48. Kxe3 h4 49. Kf4 h3 0-1

[Event "62.HEM 2008, Gruppe D"]
[Site "Hanau"]
[Date "2008.03.21"]
[Round "2.2"]
[White "Graefe, Heiko"]
[Black "Jordake, Michael"]
[Result "1-0"]
[WhiteElo "1936"]
[BlackElo "1640"]
[PlyCount "133"]
[EventDate "2008.??.??"]

1. d4 Nf6 2. Bg5 e6 3. e3 b6 4. Nd2 Bb7 5. Ngf3 Be7 6. Bxf6 Bxf6 7. Bd3 d5 8.
Ne5 Bxe5 9. dxe5 Nd7 10. Qg4 g6 11. f4 Qe7 12. c3 O-O-O 13. Qe2 Nc5 14. Bc2 h5
15. O-O-O Ba6 16. Qf3 Qh4 17. Nb3 Nxb3+ 18. axb3 Qe7 19. Rhe1 Bb7 20. Qe2 h4
21. Bd3 Kb8 22. Kc2 c5 23. Bb5 Rc8 24. Rd2 Rc7 25. Red1 Rd8 26. Kb1 f6 27. exf6
Qxf6 28. Bd3 Rcd7 29. Qg4 Rg7 30. Bc2 g5 31. fxg5 Rxg5 32. Qxh4 Rh8 33. Qf4+
Qxf4 34. exf4 Rg7 35. g3 Kc7 36. Re1 Kd6 37. Re5 Rf7 38. Bd3 Rf6 39. Rde2 Bc8
40. Kc2 Rfh6 41. h4 Rg8 42. Rg5 Rf8 43. Ree5 Bd7 44. Rg7 b5 45. b4 cxb4 46.
cxb4 a6 47. Reg5 Rc8+ 48. Kd2 Ra8 49. Rh7 Rxh7 50. Bxh7 Rh8 51. Bd3 Be8 52. Be2
Bf7 53. h5 Ke7 54. g4 Kf6 55. Re5 Kg7 56. Ke3 Rc8 57. Bd3 Rc1 58. g5 Re1+ 59.
Kd4 Rd1 60. h6+ Kh8 61. Ke3 Bh5 62. g6 d4+ 63. Kf2 Rxd3 64. Rxh5 Rd2+ 65. Ke1
Rxb2 66. Rc5 Rb1+ 67. Kd2 1-0

[Event "62.HEM 2008, Gruppe D"]
[Site "Hanau"]
[Date "2008.03.21"]
[Round "2.3"]
[White "Abel, Fabian"]
[Black "Wilhelm, Holger"]
[Result "1/2-1/2"]
[WhiteElo "1633"]
[BlackElo "1878"]
[PlyCount "63"]
[EventDate "2008.??.??"]

1. e4 c6 2. d4 d5 3. e5 Bf5 4. Nf3 e6 5. c4 Bb4+ 6. Nc3 Nd7 7. cxd5 cxd5 8. Bd2
a6 9. a3 Ba5 10. Be2 Ne7 11. O-O Bxc3 12. Bxc3 Bg4 13. h3 Bh5 14. Rc1 Nc6 15.
Nh2 Bg6 16. Bd3 Rc8 17. f4 Bxd3 18. Qxd3 f5 19. exf6 Nxf6 20. f5 O-O 21. fxe6
Ne4 22. Rxf8+ Qxf8 23. Rf1 Qd6 24. Ng4 Qxe6 25. Nf2 Nxc3 26. Qxc3 Qf6 27. Rd1
Qf4 28. Qb3 Qf7 29. Ng4 Rf8 30. Qg3 Qf4 31. Qb3 Qf7 32. Qg3 1/2-1/2

[Event "62.HEM 2008, Gruppe D"]
[Site "Hanau"]
[Date "2008.03.21"]
[Round "2.4"]
[White "Sohl, Thies"]
[Black "Schneider, Udo"]
[Result "0-1"]
[WhiteElo "1620"]
[BlackElo "1854"]
[PlyCount "56"]
[EventDate "2008.??.??"]

1. e4 e6 2. d4 d5 3. exd5 exd5 4. Bd3 c5 5. dxc5 Nc6 6. Nf3 Bxc5 7. O-O h6 8.
Re1+ Nge7 9. h3 Qb6 10. Re2 O-O 11. Nc3 Qd8 12. Bf4 Nb4 13. Bb5 a6 14. Ba4 b5
15. Bb3 Be6 16. Nd4 Qd7 17. Qd2 Nbc6 18. Nxc6 Qxc6 19. Rae1 Rad8 20. Nd1 Nf5
21. c3 Rfe8 22. Bc2 Kf8 23. g4 Nh4 24. Qd3 f5 25. Qg3 g5 26. Bd2 d4 27. gxf5
Nf3+ 28. Kf1 Bc4 0-1

[Event "62.HEM 2008, Gruppe D"]
[Site "Hanau"]
[Date "2008.03.21"]
[Round "2.5"]
[White "Wesoly, Helge"]
[Black "Reichel, Guenther"]
[Result "1/2-1/2"]
[WhiteElo "1847"]
[BlackElo "1635"]
[PlyCount "34"]
[EventDate "2008.??.??"]

1. d4 e6 2. c4 f5 3. Nc3 Bb4 4. Bd2 Nf6 5. Nf3 O-O 6. d5 d6 7. dxe6 Bxe6 8. e3
Nbd7 9. Ng5 Qe7 10. Be2 Nb6 11. Nxe6 Qxe6 12. b3 Rae8 13. Nb5 Bxd2+ 14. Qxd2
Re7 15. O-O f4 16. Nd4 fxe3 17. fxe3 Qxe3+ 1/2-1/2

[Event "62.HEM 2008, Gruppe D"]
[Site "Hanau"]
[Date "2008.03.21"]
[Round "2.6"]
[White "Didicher, Dietmar"]
[Black "Ruell, Michael"]
[Result "0-1"]
[WhiteElo "1612"]
[BlackElo "1840"]
[PlyCount "126"]
[EventDate "2008.??.??"]

1. b4 a5 2. b5 Nf6 3. e3 d6 4. Bb2 e5 5. Nf3 g6 6. c4 Bg7 7. Qc2 O-O 8. Be2 Bf5
9. d3 e4 10. Nd4 exd3 11. Bxd3 Bxd3 12. Qxd3 Ng4 13. Qe4 Ne5 14. O-O Nxc4 15.
Qxb7 Nd7 16. Nc6 Qg5 17. Bxg7 Kxg7 18. Qxc7 Rfc8 19. Qxd7 Qxb5 20. Qg4 Rxc6 21.
Nc3 Qe5 22. Qe4 Rac8 23. Qxe5+ dxe5 24. Ne4 f5 25. Ng3 Nd2 26. Rfd1 Rc2 27. h4
Rb2 28. h5 Rcc2 29. Rdc1 Rxc1+ 30. Rxc1 Rxa2 31. hxg6 hxg6 32. Rc5 e4 33. Rc7+
Kf6 34. Rc6+ Kg5 35. Ne2 Nf3+ 36. gxf3 Rxe2 37. fxe4 Ra2 38. e5 a4 39. f4+ Kh6
40. Rc7 a3 41. e6 Re2 42. Ra7 a2 43. e7 Rxe3 44. Rxa2 Rxe7 45. Kf2 Rb7 46. Ra3
Kh5 47. Rh3+ Kg4 48. Rg3+ Kxf4 49. Rxg6 Rb2+ 50. Ke1 Kf3 51. Rf6 f4 52. Rf8
Rb1+ 53. Kd2 Kg3 54. Rg8+ Kf2 55. Rf8 f3 56. Rf7 Rb6 57. Kd3 Kg2 58. Rg7+ Kf1
59. Rf7 f2 60. Kd2 Rb2+ 61. Kd1 Rb3 62. Kd2 Kg2 63. Rg7+ Rg3 0-1

[Event "62.HEM 2008, Gruppe D"]
[Site "Hanau"]
[Date "2008.03.21"]
[Round "2.7"]
[White "Kempf, Alexander"]
[Black "Hastenrath, Teja"]
[Result "1/2-1/2"]
[WhiteElo "1829"]
[BlackElo "1620"]
[PlyCount "106"]
[EventDate "2008.??.??"]

1. e4 e6 2. d4 d5 3. Nd2 Nf6 4. e5 Nfd7 5. Ngf3 c5 6. c3 Nc6 7. Be2 cxd4 8.
cxd4 Qb6 9. Nb3 a5 10. a4 Bb4+ 11. Kf1 f6 12. exf6 Nxf6 13. Qc2 Bd7 14. Be3 Rc8
15. Qd3 Bd6 16. Qb5 Qd8 17. Qd3 Nb4 18. Qd1 Nc2 19. Ra2 Qb6 20. Nc1 Ng4 21. Bd2
Bb4 22. b3 Nxd4 23. Nxd4 Qxd4 24. Bxg4 O-O 25. Bf3 Bc5 26. Bg5 Qe5 27. Qd2 h6
28. Bh4 Bb4 29. Qd1 Qf4 30. Nd3 Qxh4 31. Nxb4 axb4 32. Bxd5 Qg5 33. Bc4 Rcd8
34. Qe1 Bc6 35. f3 Bxf3 36. gxf3 Rxf3+ 37. Rf2 Rxf2+ 38. Kxf2 Rf8+ 39. Ke2 Qe5+
40. Kd3 Rf3+ 41. Kc2 Rc3+ 42. Kb1 Re3 43. Qd1 Qe4+ 44. Ka1 Qe5+ 45. Ka2 Qg5 46.
Rg1 Qf6 47. Rf1 Qg5 48. Qd2 Qe5 49. Qd8+ Kh7 50. Bd3+ Rxd3 51. Qxd3+ Kg8 52.
Qd2 b5 53. Qxb4 Qe2+ 1/2-1/2

[Event "62.HEM 2008, Gruppe D"]
[Site "Hanau"]
[Date "2008.03.21"]
[Round "2.8"]
[White "Taskor, Erkan"]
[Black "Rondio, Thomas"]
[Result "1-0"]
[WhiteElo "1597"]
[BlackElo "1696"]
[PlyCount "51"]
[EventDate "2008.??.??"]

1. d4 Nf6 2. Nf3 g6 3. Bf4 Bg7 4. e3 O-O 5. h3 d6 6. Be2 Nbd7 7. O-O c5 8. c3
b6 9. Nbd2 Bb7 10. a4 cxd4 11. exd4 Re8 12. Bh2 a5 13. Bb5 Rc8 14. Re1 Bc6 15.
Ba6 Ra8 16. Bf1 Qc7 17. Rc1 Qb7 18. c4 d5 19. b3 Ne4 20. cxd5 Bxd5 21. Rc7 Nxf2
22. Rxb7 Nxd1 23. Rxd7 Nc3 24. Rexe7 Bf6 25. Rxe8+ Rxe8 26. Bc7 1-0

[Event "62.HEM 2008, Gruppe D"]
[Site "Hanau"]
[Date "2008.03.21"]
[Round "2.9"]
[White "Kellerwessel, Ralf"]
[Black "Fischer, Stefan"]
[Result "1-0"]
[WhiteElo "1693"]
[BlackElo "1604"]
[PlyCount "57"]
[EventDate "2008.??.??"]

1. a3 g6 2. c4 e5 3. Nc3 Bg7 4. g3 d6 5. Bg2 f5 6. d3 Nf6 7. e3 c6 8. b4 O-O 9.
Bb2 d5 10. cxd5 cxd5 11. Qb3 Be6 12. Nf3 Nbd7 13. Ng5 Bf7 14. Nxf7 Rxf7 15.
Nxd5 Qb8 16. Rc1 a5 17. Ne7+ Kf8 18. Rc8+ Kxe7 19. Rxb8 Rxb8 20. bxa5 Rff8 21.
O-O g5 22. Rc1 e4 23. Bf1 f4 24. dxe4 fxg3 25. hxg3 Bh8 26. Qb4+ Kf7 27. Bc4+
Kg6 28. e5 Ne8 29. Qe7 1-0

[Event "62.HEM 2008, Gruppe D"]
[Site "Hanau"]
[Date "2008.03.21"]
[Round "2.10"]
[White "Goldschmidt, Andreas"]
[Black "Will, Patrick"]
[Result "1/2-1/2"]
[WhiteElo "1563"]
[BlackElo "1679"]
[PlyCount "143"]
[EventDate "2008.??.??"]

1. d4 Nf6 2. c4 d6 3. Nc3 g6 4. Nf3 Bg7 5. g3 O-O 6. Bg2 c6 7. O-O Re8 8. e4
Ng4 9. h3 Nf6 10. e5 Nfd7 11. Re1 Nb6 12. Qb3 Na6 13. Bf4 d5 14. cxd5 Nxd5 15.
Nxd5 Qxd5 16. Qxd5 cxd5 17. Rec1 Bd7 18. Ne1 e6 19. Nd3 Rec8 20. Rc3 Rxc3 21.
bxc3 Rc8 22. Bd2 Bb5 23. Nb2 Bf8 24. a4 Bd7 25. Bf1 Nb8 26. c4 dxc4 27. Nxc4
Nc6 28. Be3 b6 29. Rd1 Nb4 30. Nb2 Rc2 31. Rd2 Rxd2 32. Bxd2 Nc2 33. Be3 Nxe3
34. fxe3 Ba3 35. Nc4 Bc1 36. Kf2 Bxa4 37. Nd6 Bd7 38. Ba6 Ba3 39. Nb5 Bxb5 40.
Bxb5 Kg7 41. Kf3 h5 42. Kf4 Bc1 43. g4 g5+ 44. Kf3 hxg4+ 45. hxg4 Kf8 46. Ke4
Ke7 47. Ba6 Kd7 48. Bb5+ Kd8 49. Kd3 Ke7 50. Ke4 f6 51. exf6+ Kxf6 52. Bc4 Ke7
53. Kd3 Kd6 54. e4 e5 55. d5 Kc5 56. Ba6 b5 57. d6 Kxd6 58. Bxb5 Kc5 59. Ba6
Kb6 60. Bc4 a5 61. Kc3 Kc5 62. Bd5 a4 63. Kc2 Be3 64. Kb2 Kb4 65. Ka2 a3 66.
Bb3 Bc1 67. Bd5 Kc3 68. Be6 Kc2 69. Bf5 Kd3 70. Bg6 Ke3 71. Bf5 Kf4 72. Kb1
1/2-1/2

[Event "62.HEM 2008, Gruppe D"]
[Site "Hanau"]
[Date "2008.03.21"]
[Round "2.12"]
[White "Kohlmeyer, Klaus"]
[Black "Staggat, Rolf"]
[Result "1/2-1/2"]
[WhiteElo "1525"]
[BlackElo "1661"]
[PlyCount "25"]
[EventDate "2008.??.??"]

1. d4 Nf6 2. Nf3 e6 3. c4 b6 4. Nc3 Bb7 5. Bg5 Be7 6. e3 O-O 7. Bd3 d5 8. cxd5
Nxd5 9. Bxe7 Qxe7 10. Qc2 h6 11. Nxd5 Bxd5 12. O-O Nd7 13. Be4 1/2-1/2

[Event "62.HEM 2008, Gruppe D"]
[Site "Hanau"]
[Date "2008.03.21"]
[Round "2.13"]
[White "Lauer, David"]
[Black "Heckwolf, Thomas"]
[Result "0-1"]
[WhiteElo "1655"]
[BlackElo "1513"]
[PlyCount "72"]
[EventDate "2008.??.??"]

1. e4 e5 2. Nf3 Nc6 3. Bb5 d6 4. O-O Nf6 5. Re1 Bd7 6. c3 g6 7. d4 Bg7 8. Nbd2
exd4 9. cxd4 O-O 10. Nf1 Re8 11. Ng3 Bg4 12. Bxc6 bxc6 13. Bd2 Nh5 14. Bc3 Nxg3
15. hxg3 Qd7 16. Qd3 Bxf3 17. gxf3 Rab8 18. Kg2 d5 19. e5 Qe6 20. f4 f6 21. Qd2
fxe5 22. fxe5 Rf8 23. Bb4 Rf7 24. Rac1 Bf8 25. Bc5 Bxc5 26. Rxc5 Rbf8 27. Re2
Rf5 28. f4 Rh5 29. Kf3 g5 30. Rh2 Rxh2 31. Qxh2 Qg6 32. Qc2 Qh5+ 33. Ke3 gxf4+
34. gxf4 Qh3+ 35. Kd2 Rxf4 36. Rc3 Rf2+ 0-1

[Event "62.HEM 2008, Gruppe D"]
[Site "Hanau"]
[Date "2008.03.21"]
[Round "2.14"]
[White "Blosze, Winfried"]
[Black "Ahrend, Bodo"]
[Result "1-0"]
[WhiteElo "1906"]
[BlackElo "1580"]
[PlyCount "31"]
[EventDate "2008.??.??"]

1. e4 e5 2. Nf3 Nc6 3. Bb5 a6 4. Bxc6 dxc6 5. O-O Bg4 6. h3 Bxf3 7. Qxf3 Nf6 8.
d3 Be7 9. Qg3 Qd7 10. Bd2 O-O-O 11. Bc3 Nh5 12. Qxe5 g6 13. Qa5 Rhg8 14. Be5 f6
15. Bh2 Qd4 16. Qxc7# 1-0

[Event "62.HEM 2008, Gruppe D"]
[Site "Hanau"]
[Date "2008.03.21"]
[Round "2.15"]
[White "Minor, Dieter"]
[Black "Geidel, Sven"]
[Result "1-0"]
[WhiteElo "1866"]
[BlackElo "1561"]
[PlyCount "73"]
[EventDate "2008.??.??"]

1. d4 d5 2. Nf3 Nf6 3. Bf4 e6 4. e3 Be7 5. Nbd2 O-O 6. h3 c5 7. c3 c4 8. b3 b5
9. a4 b4 10. cxb4 c3 11. Nb1 Bxb4 12. Qc2 Ne4 13. Bd3 f5 14. O-O Ba6 15. Ne5
Bxd3 16. Nxd3 a5 17. f3 g5 18. Bh2 Nf6 19. Nxc3 Nbd7 20. Nxb4 axb4 21. Nb5 Rf7
22. Qe2 Nf8 23. Rac1 Rg7 24. Be5 Rg6 25. Qf2 N6d7 26. Bd6 g4 27. fxg4 fxg4 28.
Qf7+ Kh8 29. Be7 Qe8 30. h4 Qxf7 31. Rxf7 Kg8 32. Rcf1 Nf6 33. R7xf6 Rxf6 34.
Rxf6 Kg7 35. Rxf8 Rxf8 36. Bxf8+ Kxf8 37. a5 1-0

[Event "62.HEM 2008, Gruppe D"]
[Site "Hanau"]
[Date "2008.03.21"]
[Round "2.16"]
[White "Zarges, Peter"]
[Black "Will, Dominik"]
[Result "1-0"]
[WhiteElo "1796"]
[BlackElo "1585"]
[PlyCount "104"]
[EventDate "2008.??.??"]

1. e4 e6 2. d4 d5 3. Nc3 Nf6 4. e5 Nfd7 5. Nf3 c5 6. dxc5 Bxc5 7. Bd3 Nc6 8.
Qe2 a6 9. a3 Be7 10. Bf4 O-O 11. h4 f5 12. exf6 Nxf6 13. Bg5 h6 14. Bd2 Bd6 15.
O-O-O e5 16. Bg6 Bg4 17. Bg5 e4 18. Nxd5 exf3 19. gxf3 hxg5 20. fxg4 Ne5 21. h5
Nxd5 22. Rxd5 Qf6 23. Rhd1 Rad8 24. Kb1 b5 25. Bf5 Nc4 26. c3 Rfe8 27. Qd3 Re5
28. Rd4 Qe7 29. Be4 Kh8 30. f3 Qf6 31. Ka1 Ree8 32. Rd5 Bc7 33. Qe2 Rxd5 34.
Rxd5 Qe6 35. Qd3 Bf4 36. Qd4 Nd2 37. Bc2 Qg8 38. b3 Nxf3 39. Qc5 Bd2 40. Rd6
Rc8 41. Qb6 Bxc3+ 42. Ka2 Bf6 43. Bf5 Rb8 44. Qe3 Nd4 45. h6 Nxf5 46. gxf5 Rc8
47. hxg7+ Qxg7 48. Rd2 Qe7 49. Rh2+ Kg8 50. Qh3 Rc3 51. Qg2 Qf7 52. Qa8+ Kg7
1-0

[Event "62.HEM 2008, Gruppe D"]
[Site "Hanau"]
[Date "2008.03.21"]
[Round "2.17"]
[White "Voellinger, Florian"]
[Black "Falkenhainer, Sven"]
[Result "0-1"]
[WhiteElo "1516"]
[BlackElo "1654"]
[PlyCount "78"]
[EventDate "2008.??.??"]

1. d4 Nf6 2. c4 g6 3. Nc3 Bg7 4. Nf3 d6 5. Bg5 Bg4 6. e3 Nbd7 7. Be2 O-O 8. O-O
c5 9. dxc5 Nxc5 10. h3 Bf5 11. Nd4 Qd7 12. b4 Nce4 13. Nxe4 Nxe4 14. Bh4 Bxh3
15. Bf3 Bf5 16. Rc1 Nf6 17. Nxf5 Qxf5 18. c5 Rfd8 19. Bxb7 dxc5 20. Qb3 Rab8
21. bxc5 Rd3 22. Qb5 Rd7 23. Qa6 Rdxb7 24. c6 Qb5 25. Qa3 Rb6 26. c7 Rc8 27.
Qxe7 Qe8 28. Qa3 Rb7 29. Bg3 Ne4 30. Bf4 Be5 31. Bxe5 Qxe5 32. f3 Ng3 33. Rfd1
Kg7 34. Rc5 Qe7 35. Qc3+ f6 36. Qe1 Qxc5 37. Rd7+ Kh6 38. Qxg3 Rb1+ 39. Kh2
Qh5+ 0-1

[Event "62.HEM 2008, Gruppe D"]
[Site "Hanau"]
[Date "2008.03.21"]
[Round "2.18"]
[White "Hahn, Florian"]
[Black "Wuerker, Gert"]
[Result "0-1"]
[WhiteElo "1530"]
[BlackElo "1628"]
[PlyCount "66"]
[EventDate "2008.??.??"]

1. Nf3 c5 2. b3 Nf6 3. e3 g6 4. Bb2 Bg7 5. Be2 O-O 6. O-O b6 7. d4 Bb7 8. dxc5
bxc5 9. c4 Nc6 10. a3 d6 11. Nc3 Rb8 12. Qc2 Ba8 13. Nd2 Na5 14. Rab1 a6 15.
Ba1 Qc7 16. Bf3 Bxf3 17. Nxf3 Rfc8 18. Rfd1 Rb7 19. Na4 Rcb8 20. Nd2 Qc6 21.
Bc3 Nxb3 22. Nb2 Nxd2 23. Bxd2 Ne4 24. Bc1 Nc3 25. Rd2 Nxb1 26. Qxb1 Rb3 27.
Qa2 Qb7 28. Nd3 Rb1 29. h3 Ra1 30. Qc2 Qb1 31. Qd1 Rb3 32. Nxc5 Qxc1 33. Nxb3
Qxd1+ 0-1

[Event "62.HEM 2008, Gruppe D"]
[Site "Hanau"]
[Date "2008.03.21"]
[Round "2.19"]
[White "Cimen, Merih"]
[Black "Kuehn, Thomas"]
[Result "0-1"]
[WhiteElo "1556"]
[BlackElo "1926"]
[PlyCount "92"]
[EventDate "2008.??.??"]

1. e4 d5 2. exd5 Qxd5 3. Nc3 Qa5 4. d4 Bf5 5. Bd2 c6 6. Bc4 e6 7. Nf3 Bb4 8. a3
Bxc3 9. Bxc3 Qd8 10. O-O Nf6 11. b4 O-O 12. h3 Nbd7 13. Re1 Nb6 14. Bb3 Nbd5
15. Bb2 a5 16. c4 Ne7 17. d5 cxd5 18. Bxf6 gxf6 19. cxd5 Nxd5 20. Bxd5 Qxd5 21.
Qxd5 exd5 22. Nd4 Bd3 23. Red1 Bc4 24. Nf5 Rfd8 25. Rac1 axb4 26. axb4 b5 27.
Ne7+ Kf8 28. Nc6 Re8 29. Na5 Re2 30. Rb1 Rae8 31. Nc6 Ba2 32. Ra1 Rb2 33. Nd4
Bc4 34. Rab1 Ra2 35. Ra1 Rea8 36. Rxa2 Rxa2 37. Rb1 Rd2 38. Nf5 Bd3 39. Rc1
Bxf5 40. Rc5 Bd7 41. g4 d4 42. Rd5 Ke7 43. Kf1 Be6 44. Rc5 Bc4+ 45. Kg2 Rb2 46.
Rh5 d3 0-1

[Event "62.HEM 2008, Gruppe D"]
[Site "Hanau"]
[Date "2008.03.21"]
[Round "2.20"]
[White "Schwager, Alfred"]
[Black "Riha, Peter"]
[Result "0-1"]
[WhiteElo "1552"]
[BlackElo "1827"]
[PlyCount "72"]
[EventDate "2008.??.??"]

1. e4 e5 2. Nf3 Nc6 3. Bc4 Bc5 4. c3 Nf6 5. d4 exd4 6. cxd4 Bb4+ 7. Nc3 Nxe4 8.
O-O Bxc3 9. bxc3 d5 10. Bd3 O-O 11. Qc2 Re8 12. Nd2 Nf6 13. Bb2 Bg4 14. Rae1
Qd7 15. Re3 Bh5 16. Qb1 Bg6 17. Rfe1 Rxe3 18. Rxe3 Re8 19. Bxg6 fxg6 20. Qe1
Rxe3 21. fxe3 Qe6 22. Qg3 Ne8 23. Bc1 Ne7 24. h3 Nf5 25. Qe5 Qxe5 26. dxe5 Nxe3
27. Nf3 Nc4 28. Kf2 h6 29. g4 g5 30. Ke2 Kf7 31. Be3 Ke6 32. Bd4 b6 33. h4 gxh4
34. Nxh4 c5 35. Bf2 Nxe5 36. Nf5 Nxg4 0-1

[Event "62.HEM 2008, Gruppe D"]
[Site "Hanau"]
[Date "2008.03.21"]
[Round "2.21"]
[White "Riedl, Janis"]
[Black "Hoellwarth, Kai"]
[Result "1-0"]
[WhiteElo "1543"]
[BlackElo "1645"]
[PlyCount "110"]
[EventDate "2008.??.??"]

1. d4 e5 2. dxe5 Nc6 3. Nf3 Qe7 4. Nc3 Nxe5 5. Bf4 Nxf3+ 6. gxf3 Qd8 7. Rg1 Ne7
8. Bg5 f6 9. Bh4 Ng6 10. Bg3 Bb4 11. Qd3 d6 12. O-O-O Bxc3 13. Qxc3 Be6 14. e3
Qd7 15. Bd3 Ne5 16. Be2 O-O-O 17. e4 Rhg8 18. f4 Nc6 19. f5 Bf7 20. Rg2 Qe7 21.
f3 d5 22. Bb5 Nb4 23. Kb1 dxe4 24. Rxd8+ Rxd8 25. b3 exf3 26. Rf2 c6 27. Rxf3
Nd5 28. Qa5 cxb5 29. Qxa7 Rd6 30. Bxd6 Qxd6 31. Rg3 g6 32. fxg6 hxg6 33. Rh3
Kc7 34. Rh7 Qd7 35. Qc5+ Kd8 36. Qf8+ Qe8 37. Rxf7 Qxf8 38. Rxf8+ Ke7 39. Rb8
b6 40. c4 bxc4 41. bxc4 Ne3 42. Rxb6 Nxc4 43. Rb7+ Kd6 44. Kc2 f5 45. Kc3 Kc6
46. Rb1 Kc5 47. a4 Ne3 48. a5 Nd5+ 49. Kd3 f4 50. Kd2 g5 51. a6 Nc7 52. a7 f3
53. Rc1+ Kb6 54. Rxc7 Kxc7 55. a8=Q g4 1-0

[Event "62.HEM 2008, Gruppe D"]
[Site "Hanau"]
[Date "2008.03.21"]
[Round "2.22"]
[White "Bluhm, Sonja Maria"]
[Black "Minarsch, Hans"]
[Result "0-1"]
[WhiteElo "1540"]
[BlackElo "1617"]
[PlyCount "138"]
[EventDate "2008.??.??"]

1. e4 b6 2. Nc3 Bb7 3. d4 e6 4. a3 Nf6 5. Bd3 c5 6. dxc5 Bxc5 7. Nf3 O-O 8. O-O
Nc6 9. Bg5 h6 10. Bh4 Be7 11. h3 d5 12. exd5 Nxd5 13. Bxe7 Ncxe7 14. Nxd5 Nxd5
15. Re1 Qf6 16. Rb1 Rad8 17. Qc1 Nf4 18. Be4 Bxe4 19. Rxe4 Nxh3+ 20. gxh3 Qxf3
21. Re3 Qh5 22. Rg3 Rd7 23. Kg2 Rfd8 24. Qe3 Rd1 25. Rxd1 Rxd1 26. Qc3 Qd5+ 27.
Qf3 Qxf3+ 28. Rxf3 Rd2 29. Rc3 Kh7 30. Kf3 Kg6 31. Ke3 Rd7 32. Rc4 f5 33. f4
Kf6 34. h4 Kg6 35. Kf3 Rd6 36. Kg3 b5 37. Rc3 a5 38. Rc5 Rd5 39. Rc6 Kf6 40.
Kf3 b4 41. axb4 axb4 42. b3 Rb5 43. Kg3 Rd5 44. Kf3 Rd2 45. Kg3 Re2 46. Kf3 Re1
47. Kf2 Rd1 48. Kf3 Re1 49. Rc4 g5 50. hxg5+ hxg5 51. fxg5+ Kxg5 52. Rxb4 e5
53. Rb8 e4+ 54. Kf2 Rc1 55. c4 Kf4 56. Rb5 Rc2+ 57. Kf1 Kg4 58. Rb8 f4 59. Rg8+
Kf3 60. Kg1 e3 61. Re8 Rb2 62. c5 Rxb3 63. c6 Rc3 64. Rc8 Ke2 65. Rf8 f3 66.
Rf6 f2+ 67. Kg2 Rxc6 68. Rxc6 f1=Q+ 69. Kg3 Qf3+ 0-1

[Event "62.HEM 2008, Gruppe D"]
[Site "Hanau"]
[Date "2008.03.21"]
[Round "2.23"]
[White "Milde, Dieter"]
[Black "Georgi, Florian"]
[Result "1/2-1/2"]
[WhiteElo "1600"]
[BlackElo "1533"]
[PlyCount "51"]
[EventDate "2008.??.??"]

1. d4 Nf6 2. Nf3 g6 3. Nbd2 d5 4. e3 Bf5 5. Nh4 Bd7 6. Bd3 Bg7 7. Nhf3 O-O 8.
c3 Nc6 9. O-O e5 10. Nxe5 Nxe5 11. dxe5 Ng4 12. Nf3 Nxe5 13. Nxe5 Bxe5 14. f4
Bg7 15. e4 dxe4 16. Bxe4 c6 17. Qc2 Re8 18. f5 Qb6+ 19. Kh1 Qb5 20. Bg5 Qe5 21.
Bd3 Bxf5 22. Bxf5 gxf5 23. Qxf5 Qxf5 24. Rxf5 Re2 25. Raf1 f6 26. Bc1 1/2-1/2

[Event "62.HEM 2008, Gruppe D"]
[Site "Hanau"]
[Date "2008.03.21"]
[Round "2.24"]
[White "Mainka, Walter"]
[Black "Leibold, Mathias"]
[Result "1/2-1/2"]
[WhiteElo "1540"]
[BlackElo "1597"]
[PlyCount "112"]
[EventDate "2008.??.??"]

1. d4 d5 2. e3 Nf6 3. c4 c6 4. Nc3 Bf5 5. a3 e6 6. b4 Bd6 7. c5 Bc7 8. f4 Nbd7
9. Nf3 h6 10. Be2 Ne4 11. Bb2 O-O 12. O-O b6 13. Nxe4 Bxe4 14. Nd2 f5 15. Nxe4
fxe4 16. Qa4 Nb8 17. Rac1 b5 18. Qd1 Nd7 19. Bg4 Qe7 20. g3 g6 21. Bh3 Nf6 22.
Rc2 Kg7 23. g4 Nh7 24. Qe1 a5 25. Bc3 axb4 26. Bxb4 Ra4 27. Rg2 Rfa8 28. f5 Qf6
29. fxe6 Qxe6 30. Rgf2 Ng5 31. Kg2 Nf3 32. Qe2 Rf8 33. Rxf3 exf3+ 34. Rxf3 Qe4
35. Kf2 Rxf3+ 36. Qxf3 Qxf3+ 37. Kxf3 Ba5 38. g5 Bxb4 39. axb4 Ra7 40. gxh6+
Kxh6 41. Be6 Kg5 42. h3 Kf6 43. Bg4 g5 44. Bc8 Ke7 45. Kg4 Ra3 46. Kxg5 Rxe3
47. h4 Rd3 48. h5 Kf7 49. Bd7 Rxd4 50. Bxc6 Kg7 51. Kf5 Kh6 52. Ke5 Rxb4 53.
Bxd5 Kxh5 54. c6 Rb1 55. c7 Rc1 56. Kd6 Rxc7 1/2-1/2

[Event "62.HEM 2008, Gruppe D"]
[Site "Hanau"]
[Date "2008.03.21"]
[Round "2.25"]
[White "Brueckner, Ewald"]
[Black "Traut, Stefan"]
[Result "1/2-1/2"]
[WhiteElo "1581"]
[BlackElo "1526"]
[PlyCount "144"]
[EventDate "2008.??.??"]

1. f4 g6 2. Nf3 Bg7 3. e3 d6 4. Be2 Nd7 5. c3 c5 6. O-O Ngf6 7. d4 O-O 8. b3 b6
9. Ng5 h6 10. Bf3 Rb8 11. Ne4 Bb7 12. Nxf6+ Nxf6 13. Bxb7 Rxb7 14. Qf3 Rc7 15.
Bb2 e6 16. Nd2 cxd4 17. exd4 d5 18. Rad1 Qc8 19. Rc1 b5 20. Ba3 Rd8 21. Bb4 Re8
22. Bd6 Rc6 23. Be5 a5 24. g4 Qd7 25. g5 hxg5 26. fxg5 Nh5 27. Bxg7 Nxg7 28.
Qd3 Rb6 29. Nf3 Qe7 30. h4 Nf5 31. Rf2 Kg7 32. Qe2 Rh8 33. Qe5+ Kg8 34. Rh2 Qd6
35. Qe1 Qg3+ 36. Qxg3 Nxg3 37. Ne5 Rb7 38. Kf2 Nf5 39. Nf3 Rh5 40. Ke2 Kf8 41.
Kd3 Rc7 42. Rcc2 Ke7 43. Rcg2 Nd6 44. Ne5 Rc8 45. Rf2 Nf5 46. Rf4 Rc7 47. a3
Rh8 48. c4 bxc4+ 49. bxc4 dxc4+ 50. Nxc4 Rhc8 51. Rc2 a4 52. Re4 Rxc4 53. Rxc4
Rxc4 54. Kxc4 Nd6+ 55. Kd3 Nxe4 56. Kxe4 Kd6 57. Kd3 Kd5 58. Kc3 Ke4 59. Kc4
Ke3 60. d5 exd5+ 61. Kxd5 Kf4 62. Kc4 Kg4 63. Kb4 Kxh4 64. Kxa4 Kxg5 65. Kb4 f5
66. a4 f4 67. Kc3 Kg4 68. a5 f3 69. Kd2 Kg3 70. a6 f2 71. a7 f1=Q 72. a8=Q Qf2+
1/2-1/2

[Event "62.HEM 2008, Gruppe D"]
[Site "Hanau"]
[Date "2008.03.21"]
[Round "2.26"]
[White "Launert, Martin"]
[Black "Schmitt, Clemens"]
[Result "1-0"]
[WhiteElo "1569"]
[BlackElo "1523"]
[PlyCount "75"]
[EventDate "2008.??.??"]

1. e4 c5 2. Nf3 d6 3. d4 cxd4 4. Nxd4 Nf6 5. Nc3 a6 6. Bg5 e6 7. f4 Be7 8. Qf3
b5 9. e5 Nd5 10. Nxd5 exd5 11. Qxd5 Ra7 12. e6 f6 13. Bh4 Qa5+ 14. c3 Bb7 15.
Qh5+ g6 16. Qe2 d5 17. Bf2 Ra8 18. a3 Qc7 19. g3 Bc5 20. Bh3 f5 21. O-O-O b4
22. axb4 Bxb4 23. Nc2 Be7 24. Bd4 O-O 25. Bg2 a5 26. Qe5 Qxe5 27. Bxe5 Rd8 28.
c4 Na6 29. Bxd5 Bxd5 30. cxd5 Bd6 31. Ne3 Rac8+ 32. Kb1 Rc5 33. Rc1 Rxc1+ 34.
Rxc1 Nb4 35. Bxd6 Rxd6 36. Rc5 Ra6 37. Rc8+ Kg7 38. e7 1-0

[Event "62.HEM 2008, Gruppe D"]
[Site "Hanau"]
[Date "2008.03.21"]
[Round "2.27"]
[White "Ackermann, Robert"]
[Black "Mueller, Klaus"]
[Result "1/2-1/2"]
[WhiteElo "1521"]
[BlackElo "1569"]
[PlyCount "73"]
[EventDate "2008.??.??"]

1. d4 Nf6 2. Nf3 e6 3. Bg5 h6 4. Bxf6 Qxf6 5. e4 b6 6. e5 Qd8 7. Bd3 Bb7 8. O-O
c5 9. c3 Be7 10. Nbd2 d5 11. exd6 Bxd6 12. Ne4 O-O 13. Qe2 cxd4 14. cxd4 Be7
15. Rfd1 Nd7 16. Rac1 Nf6 17. Nxf6+ Bxf6 18. Be4 Bd5 19. b3 Qd6 20. Bxd5 Qxd5
21. Qa6 Qd6 22. Rc4 e5 23. d5 Rfe8 24. Rc6 Qd7 25. Qc4 Rac8 26. Rc1 Rxc6 27.
dxc6 Qc7 28. Qe4 Re6 29. g3 Be7 30. Nh4 Bxh4 31. gxh4 Rd6 32. Rc2 Rd4 33. Qf5
Rd6 34. Qf3 Rg6+ 35. Kf1 Rf6 36. Qd5 Rd6 37. Qf3 1/2-1/2